GÜNEŞİN GİTTİĞİ GÜN (Record no. 1019093)
[ view plain ]
| 000 -LEADER | |
|---|---|
| sabit uzunluktaki kontrol alanı | 00253nam a2200097Ia 4500 |
| 001 - KONTROL NUMARASI | |
| kontrol alanı | 1019093 |
| 005 - EN SON İŞLEMİN TARİH VE ZAMANI | |
| kontrol alanı | 20250826231012.0 |
| 008 - SABİT-UZUNLUKTA VERİ ÖĞELERİ--GENEL BİLGİ | |
| sabit uzunluktaki kontrol alanı | 250824s9999 xx 000 0 und d |
| 245 #0 - ESER / YAZAR | |
| ESER ADI | GÜNEŞİN GİTTİĞİ GÜN |
| Yazar Adı | JONATHAN HEILIG |
| 260 ## - YAYIN, DAĞITIM, VB. | |
| YAYIN EVİ | BETA YAYINLARI |
| Düşüm durumu | Kayıp durumu | Hasar Durumu | Ödünç verilmez | Ana kütüphane | Geçerli Kütüphane | Edinilen tarih | Toplam ödünç verme sayısı | Barkod | Son görüntüleme tarihi | Fiyatın geçerli olmaya başladığı tarih | Koha materyal türü |
|---|---|---|---|---|---|---|---|---|---|---|---|
| DİKİLİTAŞ SAHİP ATA İLKOKULU KÜTÜPHANESİ | DİKİLİTAŞ SAHİP ATA İLKOKULU KÜTÜPHANESİ | 24.08.2025 | 10704318 | 26.08.2025 | 26.08.2025 | Books |